Plan offered by the Earl of Chatham, to the House of Lords : Entitled, a provisional act, for settling the troubles in America, and for asserting the supreme legislative authority and superintending power of Great Britain over the colonies. Which was rejected, and not suffered to lie upon the table.

Bibliographic Details
Main Author: Pitt, William, Earl of Chatham, 1708-1778
Corporate Author: Gale (Firm)
Format: eBook
Language:English
Published: London : Printed for J. Almon, opposite Burlington-House, Piccadilly, M.DCC.LXXV. [1775]
Subjects:
Online Access:Connect to the full text of this electronic book

MARC

Tag First Indicator Second Indicator Subfields
LEADER 00000cam a2200000 4500
001 in00003870513
005 20190415191904.0
006 m o d
007 cr |n||||||||n
008 790922s1775 enk|||| o 00| ||eng c
035 |a (CU-RivES)T58112 
035 |a (Uk-ES)006329435 
035 |a (OCoLC)508700035 
040 |a Uk-ES  |c Uk-ES  |d CU-RivES  |d CStRLIN  |d CU-RivES  |d Cengage Gale  |d UtOrBLW 
050 4 |a E211  |b .P588 1775 
100 1 |a Pitt, William,  |c Earl of Chatham,  |d 1708-1778.  |0 http://id.loc.gov/authorities/names/n80106735 
245 1 0 |a Plan offered by the Earl of Chatham, to the House of Lords :  |b Entitled, a provisional act, for settling the troubles in America, and for asserting the supreme legislative authority and superintending power of Great Britain over the colonies. Which was rejected, and not suffered to lie upon the table. 
264 1 |a London :  |b Printed for J. Almon, opposite Burlington-House, Piccadilly,  |c M.DCC.LXXV. [1775] 
300 |a 1 online resource (14, 2 unnumbered pages)  
336 |a text  |b txt  |2 rdacontent 
337 |a computer  |b c  |2 rdamedia 
338 |a online resource  |b cr  |2 rdacarrier 
500 |a With a final advertisement leaf. 
510 4 |a Adams,  |c 75-24 
510 4 |a Sabin,  |c 63071 
510 4 |a English Short Title Catalog,  |c T58112. 
500 |a Reproduction of original from British Library. 
500 |a Electronic resource. 
651 0 |a United States  |x Politics and government  |y 1775-1783.  |0 http://id.loc.gov/authorities/subjects/sh85140413 
655 7 |a Electronic books.  |2 local 
710 2 |a Gale (Firm)  |0 http://id.loc.gov/authorities/names/no2008071348 
752 |a Great Britain  |b England  |d London. 
856 4 0 |u http://proxy.library.tamu.edu/login?url=http://find.galegroup.com/ecco/infomark.do?contentSet=ECCOArticles&docType=ECCOArticles&bookId=1374302800&type=getFullCitation&tabID=T001&prodId=ECCO&docLevel=TEXT_GRAPHICS&version=1.0&source=library&userGroupName=txshracd2898  |z Connect to the full text of this electronic book  |t 0 
999 f f |s 1850d68c-c80e-3297-bf49-2a3ce5b7f3ab  |i fb5d51a1-0e2f-3fee-afec-c33eef2af55e  |t 0 
952 f f |a Texas A&M University  |b College Station  |c Electronic Resources  |d Available Online  |t 0  |e E211 .P588 1775  |h Library of Congress classification 
998 f f |a E211 .P588 1775  |t 0  |l Available Online